Liedtext - Auferstanden aus Ruinen (DDR Nationalhymne) - Statistiken

Allgemein
  • Dieses Quiz wurde 480 mal gespielt
  • Das Durchschnittsergebnis liegt bei 59 aus 139
Antwortstatistiken
Antwort % Korrekt
aus
98%
Auferstanden
97%
Ruinen
97%
der
92%
Und
92%
und
92%
zu
90%
Zukunft
85%
zugewandt,
80%
die
73%
ein
72%
uns
72%
Deutschland,
70%
Deutschland
70%
Vaterland!
69%
Das
67%
das
67%
einig
62%
wir
57%
Lasst
54%
es
52%
Über
52%
über
52%
den
51%
nie
51%
nie,
51%
wie
51%
Sonne
50%
zum
48%
dienen.
47%
Guten
47%
scheint,
47%
scheint.
47%
scheint!
47%
schön
45%
sie
45%
Dir
44%
dir
44%
vereint
40%
vereint,
40%
doch
39%
Not
39%
zwingen,
39%
zwingen
39%
gilt
38%
Alte
37%
gelingen,
37%
muss
37%
Dass
36%
Denn
35%
Friede
34%
Mutter
34%
Sohn
31%
Alle
30%
beweint,
30%
beweint.
30%
sei
30%
Ihren
29%
Glück
28%
mehr
25%
Hand.
24%
bauen,
23%
brüderlich
23%
des
21%
Frieden,
21%
in
21%
einen,
20%
Streben.
20%
Welt
20%
beschieden,
19%
Deutsche
19%
Völkern
19%
eure
18%
frei
18%
Reicht
18%
sich
18%
unserm
18%
nach
17%
Wenn
17%
sehnt
16%
Feind.
15%
Schlagen
15%
Volkes
15%
zuvor,
15%
Jugend,
14%
pflügen
14%
Lernt
13%
Licht
13%
schafft
13%
du
12%
Friedens
12%
scheinen
12%
Kraft
11%
bestes
10%
empor
9%
Geschlecht
9%
Steigt
9%
eignen
7%
Leben.
7%
Volks
7%
vertrauend
6%
keine
5%
Unsres
5%
Deutschlands
4%
neues
4%
wirst
4%
Keine übereinstimmenden Quizze gefunden
Verteilung der Resultate
Anzahl Personen mit jedem Resultat
Perzentil nach korrekt beantworteten Fragen
Ihre Resultats-Entwicklung
Sie haben dieses Quiz noch nicht gespielt